000 01004nas a2200277 4500
001 BR8903329
003 BR-BrBNA
005 20231205091624.0
007 ta
008 230509b bl.|||p| |||| 00| 00por d
040 _aBR-BrBNA
_bpor
_cBiblioteca Nacional de Agricultura
041 _a(Pt)
072 _aF04; F61
100 1 _aCarrer, S. da C.
100 1 _aFavoretto, V.
100 1 _aRodrigues, L.R. de A.
100 1 _aReis, R.A.
245 1 _aAplicacao do nitrogenio ao solo e em pulverizacao foliar sobre a producao e composicao bromatologica do capim-coloniao
_bParte de tese
246 1 _aNitrogen soil fertilization and foliar application of urea on yield and chemical composition of guinea grass
_bPart of thesis
650 _aCAPIM COLONIAO
650 _aADUBACAO FOLIAR
650 _aUREIA
773 0 _tPesquisa Agropecuaria Brasileira (Brazil)
_xISSN 0100-204X
_g(Sep 1988), v. 23(9) p. 957-961
_wBR8903329
909 _a202311
_bLúcia
_c55
_dLúcia Elande
942 _2AGRIS
_n0
_cANA
999 _c126242
_d126242